| 000 | 00514nam a22002051c 4500 | ||
|---|---|---|---|
| 001 | a987680641 | ||
| 008 | 170623s1996 gw |||| 000u rus d | ||
| 041 | _arus | ||
| 100 | 1 | _aIsakov, Vladimir | |
| 245 | 0 | 0 |
_aAmnistija : _bParlamentskie dnevniki 1994-1995 |
| 264 |
_aMoskva : _bPaleja, _c1996 |
||
| 300 | _a493 S. | ||
| 648 | 0 | _a1994-1995 | |
| 650 | 0 | _aRussland / Föderationsversammlung | |
| 651 | 0 | _aRussland | |
| 655 | 0 | _aErlebnisbericht | |
| 942 | _cMG | ||
| 040 | _cRU-10907106 | ||
| 003 | RU-10907106 | ||
| 999 |
_c48906 _d48906 |
||